书目信息 |
| 题名: |
戏剧导演
|
|
| 作者: | 张仲年 著 | |
| 分册: | ||
| 出版信息: | 北京 中国戏剧出版社 2010 |
|
| 页数: | 383页 | |
| 开本: | 23cm | |
| 丛书名: | ||
| 单 册: | ||
| 中图分类: | J811.1 | |
| 科图分类: | ||
| 主题词: | 戏剧--导演--教材 , 戏剧 , 导演 | |
| 电子资源: | ||
| ISBN: | 978-7-104-01617-5 | |
| 000 | 00760nam0 2200265 45 | |
| 001 | 1130213062 | |
| 005 | 20110309143349.40 | |
| 010 | @a978-7-104-01617-5@dCNY48.00 | |
| 100 | @a20110123e2010 ekmy0chiy0120 ea | |
| 101 | 0 | @achi |
| 102 | @aCN@b110000 | |
| 105 | @ay z 000yy | |
| 106 | @ar | |
| 200 | 1 | @a戏剧导演@AXi Ju Dao Yan@dTheatre Directiong@f张仲年著@FZhang Zhong Nian Zhu@zeng |
| 210 | @a北京@c中国戏剧出版社@d2010 | |
| 215 | @a383页@d23cm | |
| 330 | @a本书内容包括:解析篇、综合篇、观念篇。 | |
| 510 | 1 | @aTheatre Directiong@zeng |
| 606 | 0 | @a戏剧@x导演@j教材 |
| 606 | 0 | @a戏剧 |
| 606 | 0 | @a导演 |
| 690 | @aJ811.1@v4 | |
| 701 | 0 | @a张仲年@AZhang Zhong Nian@4著 |
| 801 | 0 | @aCN@bTANGWEI@c20110309 |
| 905 | @b0530547-49@dJ811.1@e77@f3 | |
| 戏剧导演=Theatre Directiong/张仲年著.-北京:中国戏剧出版社,2010 |
| 383页;23cm |
| ISBN 978-7-104-01617-5:CNY48.00 |
| 本书内容包括:解析篇、综合篇、观念篇。 |
| ● |
| 相关链接 |
|
|
|
|
正题名:戏剧导演
索取号:J811.1/77
 
预约/预借
| 序号 | 登录号 | 条形码 | 馆藏地/架位号 | 状态 | 备注 |
| 1 | 0530547 | 205305472 | 第一样本阅览室/ [索取号:J811.1/77] | 在馆 | |
| 2 | 0530548 | 205305481 | 第一借阅区/ [索取号:J811.1/77] | 在馆 | |
| 3 | 0530549 | 205305490 | 第一借阅区/ [索取号:J811.1/77] | 在馆 |